Wiring regulations in brief (Record no. 111163)

MARC details
000 -LEADER
fixed length control field 01560cam a22003015a 4500
001 - CONTROL NUMBER
control field L151112
008 - FIXED-LENGTH DATA ELEMENTS--GENERAL INFORMATION
fixed length control field 100930s2008 xxk f 1 000 0 eng d
020 ## - INTERNATIONAL STANDARD BOOK NUMBER
International Standard Book Number 9780080943565
035 ## - SYSTEM CONTROL NUMBER
System control number (Sirsi) u151112
041 0# - LANGUAGE CODE
Language code of text/sound track or separate title eng
050 04 - LIBRARY OF CONGRESS CALL NUMBER
Classification number 621.31042 $2 18
100 1# - MAIN ENTRY--PERSONAL NAME
Personal name Tricker, Ray
245 00 - TITLE STATEMENT
Title Wiring regulations in brief
Remainder of title a complete guide to the requirements of the 17th edition of the IEE Wiring Regulations, BS 7671 and Part P of the Building Regulations
Medium [electronic resource]
260 ## - PUBLICATION, DISTRIBUTION, ETC.
Place of publication, distribution, etc. Oxford
Name of publisher, distributor, etc. Butterworth Heinemann
Date of publication, distribution, etc. 2008
300 ## - PHYSICAL DESCRIPTION
Extent eBook
505 2# - FORMATTED CONTENTS NOTE
Formatted contents note Domestic buildings -- Mandatory requirements -- Earthing -- External influences -- Electrical equipment, components, accessories and supplies -- Cables and conductors -- Special installations and locations -- Inspection and testing -- Installation, maintenance and repair
520 ## - SUMMARY, ETC.
Summary, etc. A comprehensive reference to the requirements of the IEE Wiring Regulations and related standards. Discusses various areas of working practice, such as cables, installation, testing and inspection, and working in special locations. Provides information on the relevant requirements and specifications.
590 ## - LOCAL NOTE (RLIN)
Local note KA
650 24 - SUBJECT ADDED ENTRY--TOPICAL TERM
Topical term or geographic name entry element IEE WIRING REGULATIONS
650 24 - SUBJECT ADDED ENTRY--TOPICAL TERM
Topical term or geographic name entry element EBOOK
650 24 - SUBJECT ADDED ENTRY--TOPICAL TERM
Topical term or geographic name entry element IEE WIRING REGULATIONS
650 24 - SUBJECT ADDED ENTRY--TOPICAL TERM
Topical term or geographic name entry element BS 7671: 2001
651 #4 - SUBJECT ADDED ENTRY--GEOGRAPHIC NAME
Geographic name England and Wales
Chronological subdivision 1543-
690 ## - LOCAL SUBJECT ADDED ENTRY--TOPICAL TERM (OCLC, RLIN)
Topical term or geographic name as entry element BUILT ENVIRONMENT-ENGINEERING-ELECTRICAL ENGINEERING
856 48 - ELECTRONIC LOCATION AND ACCESS
Uniform Resource Identifier <a href="https://www.vlebooks.com/">https://www.vlebooks.com/</a>
Public note View on VLEbooks. Logins for members only from [email protected]
942 ## - ADDED ENTRY ELEMENTS (KOHA)
Suppress in OPAC 0
Holdings
Withdrawn status Lost status Source of classification or shelving scheme Damaged status Not for loan Home library Current library Shelving location Date acquired Total Checkouts Full call number Barcode Date last seen Copy number Price effective from Koha item type
    Dewey Decimal Classification     Virtual Virtual Online 30/09/2010   EBOOK 151112-2001 06/08/2019 1 06/08/2019 Book